IRERS 2004 : The role of real estate research in policy formulation [

Bibliographic Details
Corporate Author: Institut Penilaian Negara
Format: Book
Published: Bangi : Inspen , 2004
Subjects:

MARC

LEADER 00000cam a2200000 7i4500
001 0000023558
005 20111011.0
040 |a INS 
090 0 0 |a VCD 154 
245 0 0 |a IRERS 2004 :   |b The role of real estate research in policy formulation [  |h video disc] 
260 |a Bangi :   |b Inspen ,   |c 2004 
300 |a 2 videodisc (105 min.) :   |b sd., col. ;   |c 4 3/4 in. 
500 |a Also available in vhs format : VHS 1113 
505 0 0 |a Chairman: Dr. Ali Parsa. Paper presenter : 1. Dr. Sopan Pornchokco., 2. Prof. Graeme Newell 
650 0 0 |a Real estate business 
710 1 |a Institut Penilaian Negara 
999 |a VCD0000154   |b VIDEO CD   |c Media Collection   |e Default branch